Formula 1 drivers #4 - Statistics

General Stats
  • This quiz has been taken 22 times
  • The average score is 10 of 16
Answer Stats
Picture Answer % Correct
Felipe Massa
89%
Keke Rosberg
89%
Lance Stroll
89%
Mark Webber
89%
Ralf Schumacher
89%
Romain Grosjean
89%
Mike Hawthorn
58%
Carlos Reutemann
53%
Johnny Herbert
53%
Nico Hülkenberg
53%
Clay Regazzoni
47%
Denny Hulme
42%
Didler Pironi
37%
Allan McNish
32%
Joakim Bonnier
26%
Phil Hill
26%
No matching quizzes found
Score Distribution
Percent of People with Each Score
Percentile by Number Answered
Your Score History
You have not taken this quiz